01229nab a22002417a 4500999001500000003000400015005001700019008004100036040000700077100002500084245009700109300001300206500003600219505029500255505010400550650002800654650003300682650003200715650003600747650003500783773015600818942001300974 c6065d6065OSt20260121003024.0190514b xxu||||| |||| 00| 0 spa d cPJ 96018aLopes, Cecilia10aUniones convivenciales, violencia económica y enriquecimiento sin causa /cCecilia Lopes.  ap. 74-83 aCita: TR LALEY AR/DOC/985/2024. aSumario: I. Introducción.— II. Los hechos que antecedieron al planteo judicial.— III. La decisión de la Cámara.— IV. Consecuencias patrimoniales ante la finalización de la vida en común en las uniones convivenciales.— V. El enriquecimiento sin causa.— VI. Conclusiones.  tFallo comentado: CCiv. y Com., Necochea ~ 05/09/2023 ~ P. J. c. M. L. s/ división de condominio. 09967aDERECHO DE FAMILIA 091053aUNIONES CONVIVENCIALES 095360aVIOLENCIA ECONÓMICA 095831aENRIQUECIMIENTO SIN CAUSA 091057aJURISPRUDENCIA APLICABLE0 0284493222dBuenos Aires : AbeledoPerrot, 1989-tDerecho de familia. Revista Interdisciplinaria de doctrina y jurisprudencia. Junio 2024-III.z18511201 2udccANA